Make You Feel My Love- Adele (19) - Statistics

General Stats
  • This quiz has been taken 285 times
    276 since last reset
  • The average score is 160 of 187
Answer Stats
Answer % Correct
feel
99%
love
99%
make
99%
my
99%
you
99%
You
99%
a
98%
I
98%
the
98%
The
98%
To
98%
to
98%
When
97%
And
96%
and
96%
in
95%
is
95%
your
95%
on
94%
face
93%
of
92%
no
91%
No
91%
rain
91%
world
91%
do
89%
there
89%
whole
89%
embrace
88%
for
88%
warm
88%
blowing
87%
offer
86%
could
85%
me
85%
that
85%
case
83%
one
83%
know
81%
nothing
81%
Nothing
81%
But
80%
go
80%
Go
80%
tears
80%
we
80%
wouldn't
80%
evening
79%
hold
79%
million
79%
mind
79%
dry
78%
never
78%
where
78%
years
78%
yet
78%
belong
76%
stars
75%
there's
75%
up
75%
wrong
75%
haven't
73%
moment
73%
blue
72%
met
72%
shadows
72%
appear
71%
from
71%
black
70%
come
70%
doubt
70%
made
70%
are
69%
avenue
69%
it
69%
dreams
68%
happy
67%
hungry
67%
I'd
67%
true
67%
will
66%
I've
65%
down
64%
known
64%
Earth
60%
ends
60%
highway
59%
like
59%
winds
59%
ain't
57%
free
57%
sea
57%
crawling
55%
seen
55%
wild
54%
raging
50%
regret
49%
storms
48%
change
46%
rolling
46%
No matching quizzes found
Score Distribution
Percent of People with Each Score
Percentile by Number Answered
Your Score History
You have not taken this quiz since the last reset